| 000 | 00692cab a2200229 4500 | ||
|---|---|---|---|
| 001 | WB3231-91 | ||
| 008 | 090401t1996 xxu||||| |||| 00| 0 eng d | ||
| 035 | _a(Sirsi) u69939 | ||
| 041 | _aeng | ||
| 245 | _aBallooning guidelines to help farmers | ||
| 260 | _c1996 | ||
| 350 | _a0 | ||
| 490 |
_aWestern Mail _v6 August 1996, 9(1) |
||
| 520 | _aDescribes how ballooning can affect farmers. Gives checklist for balloonists and farmers to help them record any ballooning incident which adversely affects farming. | ||
| 650 | _aBALLOONING | ||
| 650 | _aCHECKLIST | ||
| 650 | _aFARMING | ||
| 650 | _aHOT AIR BALLOONS | ||
| 690 | _aRURAL PRACTICE | ||
| 942 | _n0 | ||
| 948 | _c04/03/1997 | ||
| 999 |
_c43986 _d43986 |
||